000 00487nam a2200169 4500
001 121296
003 ES-MaACL
005 20230906191728.0
007 t|
008 070214s1952 sp r ||||1| spa d
100 1 _aPriestley, J. B.
_993870
245 1 0 _aFestival /
_cJ. B. Priestley ; versión española de Luis Conde Vélez.
260 _aBarcelona :
_bExito,
_c1952.
300 _a439 p. ;
_c20 cm.
700 1 _aConde Vélez, Luis.
_940133
852 _aES-MaACL
_jD-8613
_bR.33226
999 _c121296
_d121296